书目信息 |
| 题名: |
外国电影丛刊
|
|
| 作者: | 中国电影家协会上海分会编译室 编 | |
| 分册: | 1 | |
| 出版信息: | 北京 中国电影出版社 1980 |
|
| 页数: | 220页 | |
| 开本: | 32 | |
| 丛书名: | ||
| 单 册: | ||
| 中图分类: | I13 | |
| 科图分类: | ||
| 主题词: | 戏剧文学--作品集--世界 | |
| 电子资源: | ||
| ISBN: | ||
| 000 | 00650nam0 2200205 45 | |
| 001 | 0203261305 | |
| 005 | 20031219104106.5 | |
| 010 | @dCNY0.84 | |
| 091 | @a8061.1554 | |
| 100 | @a20020326d1980 km y0chiy0120 ea | |
| 101 | @achi | |
| 105 | @a z 000yy | |
| 200 | 1 | @a外国电影丛刊@h1@AWai Guo Dian Ying Cong Kan@f中国电影家协会上海分会编译室编@FZhong Guo Dian Ying Jia Xie Hui Shang Hai Fen Hui Bian Yi Shi Bian |
| 210 | @a北京@c中国电影出版社@d1980 | |
| 215 | @a220页@c无图表@d32 | |
| 606 | 0 | @a戏剧文学@x作品集@x世界 |
| 690 | @aI13@v3 | |
| 701 | 0 | @a中国电影家协会上海分会编译室@4编 |
| 801 | @aCN@bTSTC@c20030306 | |
| 905 | @dI13@e1/83@b37984@f1 | |
| 外国电影丛刊.1/中国电影家协会上海分会编译室编.-北京:中国电影出版社,1980 |
| 220页:无图表;32 |
| ISBN :CNY0.84 |
| ● |
| 相关链接 |
|
|
|
|
正题名:外国电影丛刊
索取号:I13/1/83
 
预约/预借
| 序号 | 登录号 | 条形码 | 馆藏地/架位号 | 状态 | 备注 |
| 1 | 0037984 | 001759047 | 密集书库/ [索取号:I13/1/83] | 在馆 |